000 00967aam a2200325 i 4500
001 768714001
003 CO-MdFUSB
005 20250507091306.0
007 ta
008 250507t1982 sp |||| |||| 00| 0 spa d
020 _a84-7228-659-2
040 _cCO-MdFUSB
041 0 _aspa
_heng
082 0 4 _223
_a241.5
_bK829d
100 1 _aKoop, C. Everett (Charles) (1916-)
_eautor
240 _aThe right to live : The right to die
245 1 0 _aDerecho a vivir, derecho a morir
_c / Everett Koop ; traducido por Juan Vila
264 1 _bClie,
_aTerrassa, Barcelona, España :
_c[1982]
264 4 _c©1982
300 _a157 páginas
336 _atexto
_btxt
_2rdacontent
337 _2rdamedia
_asin mediación
_bn
338 _2rdacarrier
_avolumen
_bnc
563 _aRústico
650 7 _aEutanasia
_xAspectos religiosos
_2embne
_97281
653 _aÉtica médica
700 _aVila, Juan,
_911407
_etraductor
942 _cBK
945 _aJTF-925
999 _c35413
_d35413